Hilary Swank Filmography - Statistics

General Stats
  • This quiz has been taken 60 times
    10 since last reset
  • The average score is 32 of 91
Answer Stats
Type Year Name % Correct
Film 2004 Million Dollar Baby
100%
Film 2007 Freedom Writers
67%
Film 2019 I Am Mother
67%
Film 2020 The Hunt
67%
Film 1994 The Next Karate Kid
67%
TV Show 2025 Yellowjackets
67%
Film 2017 55 Steps
50%
Film 2009 Amelia
50%
Web Series 2019-2020 BoJack Horseman
50%
Film 1999 Boys Don't Cry
50%
TV Show 1992-1993 Camp Wilder
50%
Film 2010 Conviction
50%
Film 2002 Insomnia
50%
TV Film 2004 Iron Jawed Angels
50%
Film 2011 New Year's Eve
50%
Film 2024 Ordinary Angels
50%
Film 2007 P.S. I Love You
50%
Film 2004 Red Dust
50%
TV Show 2005 Saturday Night Live
50%
Short Film 2000 The Audition
50%
Film 2003 The Core
50%
Film 2000 The Gift
50%
Film 2011 The Resident
50%
Film 2018 What They Had
50%
Film 2003 11:14
33%
TV Show 2022-2023 Alaska Daily
33%
TV Special 2015 An All-Star Dog Rescue Celebration
33%
Web Series 2020 Away
33%
TV Show 1997-1998 Beverly Hills, 90210
33%
Film 2008 Birds of America
33%
Film 1992 Buffy the Vampire Slayer
33%
TV Film 1992 Camp Bicknell
33%
Documentary Mini-Series 2021 Clint Eastwood: A Cinematic Legacy
33%
Web Series 2015 Comedians in Cars Getting Coffee
33%
TV Film 1994 Cries Unheard: The Donna Yaklich Story
33%
TV Film 1997 Dying to Belong
33%
TV Show 1991 Evening Shade
33%
Documentary Series 2019 Explained
33%
Film 2020 Fatale
33%
TV Special 2014 Fox's Cause for Paws: An All-Star Dog Spectacular
33%
TV Show 1991, 1992 Growing Pains
33%
TV Show 1991 Harry and the Hendersons
33%
Film 1998 Heartwood
33%
Film 1996 Kounterfeit
33%
Music Video 2014 L.A. Love (La La)
33%
Documentary 2015 Lauda: The Untold Story
33%
TV Show 1997 Leaving L.A.
33%
Film 2017 Logan Lucky
33%
TV Film 2013 Mary and Martha
33%
Film TBA N.A.R.
33%
Documentary Series 2003 Nature
33%
Film 1997 Quiet Days in Hollywood
33%
TV Documentary 2018 Shelter Me: In Times of Need
33%
Documentary 2006 ...So Goes the Nation
33%
Film 1996 Sometimes They Come Back...Again
33%
Film 2016 Spark
33%
TV Film 1996 Terror in the Family
33%
Film 2001 The Affair of the Necklace
33%
Film 2006 The Black Dahlia
33%
Film 2023 The Good Mother
33%
Film 2014 The Homesman
33%
TV Show 2021 The Masked Singer
33%
Film 2007 The Reaping
33%
TV Film 1997 The Sleepwalker Killing
33%
Short Film 2002 The Space Between
33%
TV Show 2018 Trust
33%
Documentary Mini-Series 2024 Ukraine on Fire 2
33%
Film 2014 You're Not You
33%
Documentary Series 2005 60 Minutes
17%
TV Special 2005 A Concert for Hurricane Relief
17%
Documentary Series 2003 Biography
17%
Documentary 2013 Eastwood Directs: The Untold Story
17%
Documentary Series 2001 E! True Hollywood Story
17%
TV Special 2002 Gala Paramount Pictures Celebrates 90th Anniversary with 90 Stars for 90 Years
17%
Commercial 1989 Hallmark
17%
TV Special 2011 Hollywood Bowl Opening Night Gala
17%
Commercial 2000 IFC
17%
Commercial 2006-2007 Insolence by Guerlain
17%
TV Show 2005 It's Okay to Laugh!
17%
TV Special 2001 Moving Image Salutes Julia Roberts
17%
Documentary 2006 On Native Soil
17%
TV Show 2007 Punk'd
17%
Short TV Documentary 2000 Reel Models: The First Women of Film
17%
Documentary 2003 Sex at 24 Frames Per Second
17%
TV Special 2008 Stand Up to Cancer
17%
TV Special 2001 The Concert for New York City
17%
Theater 2003 The Miracle Worker
17%
TV Special 2007 The New 7 Wonders of the World
17%
TV Special 2005 Tsunami Aid: A Concert of Hope
17%
TV Show 2010, 2014 Wanna Bet?
17%
Podcast 2023 Zero Tolerance
17%
No matching quizzes found
Score Distribution
Percent of People with Each Score
Percentile by Number Answered
Your Score History
You have not taken this quiz since the last reset